Statistics for The Addams Family Franchise

Click here to take the quiz!

General Stats

  • This quiz has been taken 5 times
  • The average score is 11 of 21

Answer Stats

Type Year Name Info % Correct
Film1993Addams Family ValuesParamount
100%
TV Show1964-1966The Addams FamilyABC
100%
Film1998Addams Family ReunionWarner Bros.
33%
Cartoons (in Magazine)1938-1988The New YorkerCharles Addams
0%
Novel1965The Addams Family Strikes BackW.F. Miksch
0%
TV Special1977Halloween with the New Addams FamilyNBC
0%
Video Game1989Fester's QuestSunsoft
0%
Video Game1992The Addams Family: Pugsley's Scavenger HuntOcean
0%
TV Show1998-1999The New Addams FamilyYTV / Fox Family Channel
0%
Non-Fiction Book2010The Addams Family: An EvilutionH. Kevin Miserocchi
0%
Video Game2019The Addams Family Mystery MansionPixowl / Animoca Brands
0%

Score Distribution

Percentile by Number Answered

Percent of People with Each Score

Your Score History

You have not taken this quiz